[Event "CRO-ch U13 Girls"]
[Site "Trogir"]
[Date "2023.06.24"]
[Round "6"]
[White "Crvelin, Iva"]
[Black "Udovicic, Dunja"]
[Result "1-0"]
[WhiteElo "1139"]
[BlackElo "1324"]
[PlyCount "59"]
[EventDate "2023.06.21"]
[EventType "swiss"]
[EventRounds "9"]
[EventCountry "CRO"]
[SourceTitle "EXT 2024"]
[Source "ChessBase"]
[SourceDate "2023.10.10"]
[SourceVersion "1"]
[SourceVersionDate "2023.10.10"]
[SourceQuality "1"]

1. e4 e6 2. d4 d5 3. Nc3 Bb4 4. Bd3 Ne7 5. a3 Bxc3+ 6. bxc3 h6 7. e5 Nd7 8. f4 Nf5 9. Nf3 0-0 10. 0-0 c5 11. Bxf5 exf5 12. Be3 c4 13. Bf2 Qe7 14. Re1 Nb6 15. a4 a5 16. Nh4 Qd7 17. g4 fxg4 18. f5 Qe7 19. f6 gxf6 20. Qd2 f5 21. Qxh6 Qe6 22. Qg5+ Kh7 23. Be3 Rg8 24. Qh5+ Kg7 25. Nxf5+ Kf8 26. Bh6+ Ke8 27. Ng7+ Rxg7 28. Bxg7 Kd7 29. Rf1 Ke8 30. Rf6 1-0

[Event "CRO-ch U13 Girls"]
[Site "Trogir"]
[Date "2022.06.26"]
[Round "8"]
[White "Crvelin, Iva"]
[Black "Uzelac, Dunja"]
[Result "0-1"]
[WhiteElo "1601"]
[BlackElo "1722"]
[PlyCount "88"]
[EventDate "2022.06.22"]
[EventType "swiss"]
[EventRounds "9"]
[EventCountry "CRO"]
[SourceTitle "CBM 209 Extra"]
[Source "ChessBase"]
[SourceDate "2022.09.30"]
[SourceVersion "1"]
[SourceVersionDate "2022.09.30"]
[SourceQuality "1"]

1. e4 e5 2. Nf3 Nc6 3. Bc4 Bc5 4. c3 Nf6 5. d3 d6 6. 0-0 h6 7. Re1 0-0 8. Be3 Bb6 9. Bxb6 axb6 10. d4 exd4 11. cxd4 d5 12. exd5 Nxd5 13. Nc3 Nxc3 14. bxc3 Qf6 15. h3 Qg6 16. Bd3 Qd6 17. Qd2 Be6 18. a4 Bb3 19. Bc2 Bxc2 20. Qxc2 Ne7 21. Ne5 Ng6 22. Rad1 Nxe5 23. Rxe5 Qc6 24. Ra1 Rfe8 25. Rae1 Rxe5 26. Rxe5 Rxa4 27. d5 Ra1+ 28. Kh2 Qd6 29. f4 f6 30. Re4 Qxd5 31. Qe2 Ra8 32. Rd4 Qc6 33. Rc4 Qd7 34. Qe4 c6 35. Rd4 Qe8 36. Qd3 b5 37. Rd7 c5 38. Qxb5 b6 39. Qd3 Qe6 40. f5 Qe5+ 41. g3 Ra2+ 42. Kg1 Qe1+ 43. Qf1 Qxg3+ 44. Kh1 Qh2# 0-1

[Event "CRO-ch U11"]
[Site "Trogir"]
[Date "2021.06.19"]
[Round "1"]
[White "Crvelin, Iva"]
[Black "Simovic, Jelena"]
[Result "1-0"]
[WhiteElo "1600"]
[BlackElo "1702"]
[PlyCount "91"]
[EventDate "2021.06.19"]
[EventType "swiss"]
[EventRounds "9"]
[EventCountry "CRO"]
[SourceTitle "EXT 2022"]
[Source "ChessBase"]
[SourceDate "2021.10.06"]
[SourceVersion "1"]
[SourceVersionDate "2021.10.06"]
[SourceQuality "1"]

1. c4 Nf6 2. Nc3 g6 3. Nf3 Bg7 4. e3 0-0 5. Be2 Nc6 6. 0-0 d6 7. d4 d5 8. b3 dxc4 9. bxc4 Bf5 10. Ba3 Re8 11. Bd3 Qd7 12. Re1 a5 13. Bxf5 Qxf5 14. e4 Qd7 15. Rb1 b6 16. d5 Nb8 17. Ne5 Qc8 18. f4 Nfd7 19. Nxd7 Bxc3 20. Re3 Qxd7 21. Rxc3 Rd8 22. Qd4 Nc6 23. Qf2 Nb8 24. Qh4 f6 25. Rd1 c6 26. Rb3 c5 27. Rxb6 Ra6 28. Rb5 Kg7 29. Rc1 e6 30. Rxc5 Qa7 31. Kf1 exd5 32. cxd5 Rdd6 33. Rc7+ Rd7 34. Rxa7 Rdxa7 35. e5 fxe5 36. fxe5 Nd7 37. e6 Ne5 38. Rc8 Nf7 39. exf7 Rxf7+ 40. Kg1 Rb6 41. Qd4+ Rbf6 42. Rc6 g5 43. Be7 Rxe7 44. Qxf6+ Kg8 45. Rc8+ Re8 46. Rxe8# 1-0

[Event "CRO-ch U11 Girls"]
[Site "Trogir"]
[Date "2020.08.28"]
[Round "8"]
[White "Crvelin, Iva"]
[Black "Zagar, Lara Marija"]
[Result "0-1"]
[WhiteElo "1600"]
[BlackElo "1854"]
[PlyCount "74"]
[EventDate "2020.08.24"]
[EventType "swiss"]
[EventRounds "9"]
[EventCountry "CRO"]
[SourceTitle "CBM 198 Extra"]
[Source "ChessBase"]
[SourceDate "2020.11.30"]
[SourceVersion "1"]
[SourceVersionDate "2020.11.30"]
[SourceQuality "1"]

1. e4 c5 2. Bc4 d6 3. Nf3 Nf6 4. 0-0 Nxe4 5. d3 Nf6 6. Re1 e6 7. g3 a6 8. a3 Be7 9. Bd2 0-0 10. Ba2 Qc7 11. Nc3 Nbd7 12. Ng5 Ne5 13. Nf3 Nxf3+ 14. Qxf3 Rb8 15. Bf4 b5 16. b4 cxb4 17. axb4 Qxc3 18. Rec1 Bb7 19. Qe3 Qc6 20. f3 Qxf3 21. Qxf3 Bxf3 22. Rf1 Bd5 23. Bxd5 Nxd5 24. c4 bxc4 25. Bc1 cxd3 26. Bd2 Nxb4 27. Rab1 Nc2 28. Rxb8 Rxb8 29. Kg2 e5 30. Rf2 e4 31. Bf4 e3 32. Bxe3 Nxe3+ 33. Kf3 Nc4 34. Rf1 d2 35. Ke2 Bg5 36. h4 Re8+ 37. Kd3 Re1 0-1

[Event "CRO-ch U11 Girls"]
[Site "Trogir"]
[Date "2020.08.24"]
[Round "2"]
[White "Vinkovic, Hana"]
[Black "Crvelin, Iva"]
[Result "1-0"]
[WhiteElo "1728"]
[BlackElo "1600"]
[PlyCount "20"]
[EventDate "2020.08.24"]
[EventType "swiss"]
[EventRounds "9"]
[EventCountry "CRO"]
[SourceTitle "CBM 198 Extra"]
[Source "ChessBase"]
[SourceDate "2020.11.30"]
[SourceVersion "1"]
[SourceVersionDate "2020.11.30"]
[SourceQuality "1"]

1. e4 e5 2. Nf3 Nc6 3. Nc3 Bc5 4. Be2 Nf6 5. 0-0 0-0 6. d3 h6 7. h3 d6 8. b3 Be6 9. Bb2 Qd7 10. Qd2 a6 1-0